Amalia /

Guardado en:
Autor Principal: Mármol, José
Formato: Libro
Publicado: Buenos Aires : Tor, 0
Series:Bibl. Las Obras Famosas
Materias:
Etiquetas: Agregar Etiqueta
Sin Etiquetas, Sea el primero en etiquetar este registro!
LEADER 00543nam a22002055a 4500
001 CEM.cems004600
005 20060217000000.0
008 130507b######################000#0#####d
003 CEMS
082 0 4 |a A863.4 
100 1 |a Mármol, José 
245 1 0 |a Amalia / 
260 |a Buenos Aires :  |b Tor, 0 
300 |a 319 p. 
490 0 |a Bibl. Las Obras Famosas 
653 |a Literatura 
653 |a Literatura argentina 
653 |a Novela argentina-siglo 20 
653 |a Novelas 
859 |a CEMS  |b BIB. CEMS - 11 de abril  |h A863.4  |i M345-2  |p 9170.81  |t Ej.1